| 000 | 00556cam a22001577a 4500 | ||
|---|---|---|---|
| 008 | 180718b1998 xxu||||| |||| 00| 0 eng d | ||
| 020 | _a8120412842 | ||
| 082 | _aJ7x5 An81 | ||
| 245 |
_aUrban land management: improving policies and parctices in developing countries of Asia _cedited by Jamal H. Ansari and Nathaniel Von Einsiedel |
||
| 260 |
_aNew Delhi _bOxford & IBH Publishing _c1998 |
||
| 300 | _a291p. | ||
| 650 | _aLand use, Urban - Management | ||
| 650 | _aCity planning - Asia | ||
| 700 | _aEinsiedel, Nathaniel Von | ||
| 700 | _aAnsari, Jamal H. | ||
| 999 |
_c487645 _d487645 |
||